| 000 | 00545nam a2200169Ia 4500 | ||
|---|---|---|---|
| 003 | LK-CoDNM | ||
| 008 | 140723t2018 xxu||||| |||| 00| 1 sin d | ||
| 020 |
_a _a9789555323734 |
||
| 040 |
_aLK-CoDNM _dLK-CoDNM _eLK-CoDNM |
||
| 041 | _asin | ||
| 080 |
_a82-1 _bBAN |
||
| 100 |
_aබංඩාර, ඊ.කේ හේමතිලක _vBandara,E.K Hemathilaka |
||
| 245 | _aසළඹ අලංකාරය කාව්යමය | ||
| 246 | _aSalaba Alankaraya Kawwiyamaya Wiwaranaya | ||
| 260 |
_bNishantha Publisher _aGanemulla _c2018 |
||
| 942 | _cBK | ||
| 999 |
_c80364 _d80364 |
||